000 00758nam a22002057a 4500
999 _c14054
_d14054
003 AR-CdUCM
008 190417b ||||| |||| 00| 0 spa d
040 _aMUNICIPALIDAD PROVINCIAL DEL CUSCO
_cBIBLIOTECA MUNICIPAL DEL CUSCO
082 _aC304.6 /
_bC7
110 _aCONAP
_932721
245 _a¿Que es el consejo nacional de población? /
260 _aPerú :
_bCONAP,
_c1983.
300 _a16 paginas ;
_bCuadros,
_c20 cm.
505 _aContenido : Consejo -- Antecedentes -- Organización -- Política de población y desarrollo -- Coordinación.
650 _aprogramas para la política nacional
_932722
650 _aDemografia peruana
_932723
650 _aPolítica de población
_932724
942 _2ddc
_cFOLLETOS
945 _awnts
_d2019-04-17